[Event "Lund"]
[Site "Lund"]
[Date "1998.07.19"]
[Round "5"]
[White "Dimovski, Mende"]
[Black "Johansson, Thomas"]
[Result "1/2-1/2"]
[WhiteElo "2195"]
[BlackElo "2120"]
[PlyCount "101"]
[EventDate "1998.??.??"]
[EventType "tourn"]
[EventRounds "11"]
[EventCountry "SWE"]
[SourceTitle "EXT 2000"]
[Source "ChessBase"]
[SourceDate "1999.11.16"]
[SourceVersion "1"]
[SourceVersionDate "1999.11.16"]
[SourceQuality "1"]

1. e4 c5 2. Nf3 e6 3. b3 d5 4. Bb5+ Bd7 5. Bxd7+ Qxd7 6. exd5 exd5 7. 0-0 Be7 8. Re1 Nf6 9. Qe2 Nc6 10. Ne5 Nxe5 11. Qxe5 0-0 12. Bb2 Bd6 13. Qg5 h6 14. Qh4 d4 15. f3 Qf5 16. Na3 Bf4 17. Re2 b5 18. Rae1 a6 19. Bc1 Bg5 20. Qf2 Nd5 21. h4 Bf6 22. g3 d3 23. g4 Qd7 24. Re4 Bd4 25. Rxd4 cxd4 26. Qxd4 dxc2 27. Nxc2 Qa7 28. Qxa7 Rxa7 29. Ne3 Nxe3 30. dxe3 Rc8 31. Bb2 Rc2 32. Bd4 Rac7 33. a3 Ra2 34. g5 hxg5 35. hxg5 Rxa3 36. b4 Rb3 37. Bc5 Rc6 38. Ra1 Kh7 39. Kf2 Kg6 40. f4 Kf5 41. Kf3 Rd3 42. Bd4 Re6 43. Rc1 Kg6 44. Kg4 Re4 45. Rc6+ Kh7 46. Rxa6 Rexd4 47. exd4 Rxd4 48. Ra7 Kg6 49. Ra6+ f6 50. Rc6 Rxb4 51. Rb6 1/2-1/2